[FACILE] Quizz sur le football n°1 - Statistiques

Statistiques générales
  • Ce quiz a été pris 5 420 fois
  • Le résultat moyen est 9 sur 15
Statistiques - réponses
Question Réponse % Correct
Dans quel club Cristiano Ronaldo a fait ses premiers pas en professionnel ? Sporting Portugal
96%
Quel est le transfert le plus cher de l'histoire du football ? Neymar (FC Barcelone -> Paris SG)
86%
Quel pays a remporté le plus de coupe du monde de football ? Le Brésil
85%
Où s'est déroulée la Coupe du monde 2010 ? Afrique du Sud
79%
Quel joueur a remporté le Ballon d'Or en 2018 ? Luka Modric
79%
Quel est le club ayant remporté la dernière édition d'Eredivisie (championnat des Pays-Bas), en 2018-2019 ? Ajax Amsterdam
75%
Quel pays a remporté l'Euro 2004 ? La Grèce
64%
Combien d'Euros la France a t-elle gagnée ? 2
63%
Quel est le club possédant le plus de titre de Premier League (en comptant l'édition 2019-2020) ? Manchester United
59%
Combien d'équipes sont présentes en Bundesliga ? 18
57%
Quel est le plus grand stade européen de football ? Camp Nou
47%
Combien d'équipes sont présentes en Championship (D2 anglaise) ? 24
40%
Quel pays a déjà participé à une Coupe du Monde ? Bosnie Herzégovine
31%
Quel est le meilleur buteur de l'histoire de l'équipe de France ? Thierry Henry
28%
Dans quel club joue actuellement Kai Havertz ? Bayer Leverkusen
15%
Aucun quiz correspondant
Distribution des résultats
% des personnes avec chaque résultat
Percentile par nombre de réponses
Votre historique - résultats
Vous n’avez pas pris ce quiz